000 00383 a2200157 4500
999 _c5043
_d5043
020 _a9781782951421
050 _aPZ7 LEO 2013
100 _aLeonard, Niall
_eauthor
245 _aCrusher /
_cNiall Leonard
264 _aNew York :
_b Random House Children,
_c2013
300 _a328pg . :
500 _anovel
650 _aCrusher
651 _aMurder
942 _2lcc
_cBK
_h7
_iLEO
_kPZ